[Event "Barcelona Tancat Sant Marti 3rd"]
[Site "Barcelona"]
[Date "2011.03.11"]
[Round "7.2"]
[White "Quingles Davi, Guillem"]
[Black "Parra Crespo, Jordi"]
[Result "1/2-1/2"]
[WhiteElo "1795"]
[BlackElo "1700"]
[PlyCount "32"]
[EventDate "2011.03.08"]
[EventType "tourn"]
[EventRounds "9"]
[EventCountry "ESP"]
[SourceTitle "EXT 2024"]
[Source "ChessBase"]
[SourceDate "2023.10.10"]
[SourceVersion "1"]
[SourceVersionDate "2023.10.10"]
[SourceQuality "1"]

1. e4 e5 2. f4 d5 3. Nc3 dxe4 4. Nxe4 exf4 5. Nf3 Nf6 6. Nc3 Bg4 7. Bb5+ c6 8. Bc4 Bb4 9. d3 Nd5 10. Bd2 0-0 11. 0-0 Re8 12. Nxd5 Bxd2 13. Qxd2 cxd5 14. Bb3 Qd6 15. Nd4 Nc6 16. c3 Rac8 1/2-1/2

[Event "Barcelona Tancat Sant Marti 3rd"]
[Site "Barcelona"]
[Date "2011.03.09"]
[Round "3.2"]
[White "Parra Crespo, Jordi"]
[Black "Romero Gamez, Francisco Javier"]
[Result "0-1"]
[WhiteElo "1700"]
[BlackElo "1744"]
[PlyCount "58"]
[EventDate "2011.03.08"]
[EventType "tourn"]
[EventRounds "9"]
[EventCountry "ESP"]
[SourceTitle "EXT 2024"]
[Source "ChessBase"]
[SourceDate "2023.10.10"]
[SourceVersion "1"]
[SourceVersionDate "2023.10.10"]
[SourceQuality "1"]

1. e4 e5 2. Nf3 Nc6 3. Nc3 Bc5 4. d3 Nf6 5. Bg5 h6 6. Bxf6 Qxf6 7. Be2 0-0 8. 0-0 d6 9. h3 Re8 10. Nd5 Qd8 11. Re1 Ne7 12. Nxe7+ Qxe7 13. c4 Qf6 14. Rc1 Qg6 15. Nh4 Qf6 16. Bh5 Qxf2+ 17. Kh2 Qxh4 18. Rf1 Be6 19. Rf3 Qxh5 20. Qf1 Rad8 21. Re1 Bb4 22. Rd1 Bg4 23. Rxf7 Bxd1 24. Rxc7 Rf8 25. Qg1 Bc5 26. Qh1 Be3 27. Qe1 Be2 28. Qg3 Bf4 29. Rxg7+ Kh8 0-1